000 00998nam a22003017a 4500
003 CHAP
005 20220329140952.0
008 971013s1978 r 10010 d
010 _a60656
011 _a61628
035 _a65796
040 _cCHAP
082 _a636.08
_bR83 1978
111 0 0 _aRuakura Farmers' Conference (
_n30
_d: 1979
_c: Hamilton, New Zealand)
_9100431
245 _aProceedings
260 _aWellington :
_bMinistry of Agriculture and Fisheries,
_c1978
300 _as.p.
590 _aBATCH-UPD
_b10
_c20130110
_lUCH01
_h0446
590 _aBATCH-UPD
_b10
_c20130410
_lUCH01
_h0123
590 _aBATCH-UPD
_b10
_c20130914
_lUCH01
_h1500
590 _aCONVERSION
_b10
_c20130109
_lUCH01
_h1333
650 1 4 _aGanaderĂ­a
_xCongresos.
_944677
650 1 4 _aGanaderĂ­a
_xNueva Zelanda.
_944832
710 0 _aNew Zealand. Ministry of Agriculture and Fisheries.
_981049
901 _aBK
942 _cLIBRO
949 _a636.08 R83 1978
_bBC
_cLIBRO
_d33724000261368
_eLIBRO
_h47652
_i65796
_si
999 _c60656
_d60656